| 000 | 00749nam a2200229 a 4500 | ||
|---|---|---|---|
| 001 | 000007332 | ||
| 005 | 20260508134417.0 | ||
| 008 | 090908s2007 dr 000 0 spa d | ||
| 040 |
_aDO-SdBNP _bspa _cBNPHU |
||
| 082 |
_a248 _bP228s |
||
| 100 | 1 |
_aPares, Luis (Papo) _920388 |
|
| 245 | 1 | 0 |
_aSirviendo en el espíritu / _cLuis (papo) Pares ; prólogo José Malagreca, Luis A. Berdecía. |
| 260 |
_aSanto Domingo : _bAmigo del Hogar, _c2007. |
||
| 300 |
_a260 p. ; _c22 cm. |
||
| 590 | _aInventariado, 2018/BT | ||
| 650 | 0 |
_aVida espiritual _9268 |
|
| 650 | 0 |
_aVida cristiana _9668 |
|
| 650 | 0 |
_aFe _91024 |
|
| 700 | 1 | 2 |
_aMalagreca, José, _epról. _920389 |
| 700 | 1 | 2 |
_aBerdecía, Luis A., _epról. _920390 |
| 910 | _aValidado. Control de calidad. MFF | ||
| 999 |
_c7113 _d7113 |
||